Carbohydrate antigens : developed from a symposium sponsored by the Division of Carbohydrate Chemistry of the American Chemical Society at the Fourth Chemical Congress of North America (202nd National Meeting of the American Chemical Society) New York, New York, August 25-30, 1991 /

Bibliographic Details
Corporate Authors: American Chemical Society. Division of Carbohydrate Chemistry, American Chemical Society. Meeting, Chemical Congress of North America
Other Authors: Garegg, Per J., Lindberg, Alf A.
Format: Conference Proceeding eBook
Language:English
Published: Washington, DC : American Chemical Society, 1993.
Series:ACS symposium series ; 519.
Subjects:
Online Access:Connect to the full text of this electronic book

MARC

Tag First Indicator Second Indicator Subfields
LEADER 00000cam a2200000 i 4500
001 in00005505913
006 m o d
007 cr |||||||||||
008 090903s1993 dcua ob 101 0 eng d
005 20241009195903.3
035 |a (OCoLC)ocn435643789 
040 |a MUU  |b eng  |e rda  |e pn  |c MUU  |d OKU  |d OCLCQ  |d OCLCF  |d OCLCE  |d AU@  |d OCLCQ  |d OCL  |d ACY  |d OCLCQ  |d TMC  |d OCLCA  |d YOU  |d OCLCQ  |d OCLCO  |d OCLCA  |d EYM  |d OCLCO  |d OCLCQ  |d OCLCO  |d OCLCL 
019 |a 644039357  |a 679982150  |a 780330357  |a 1078066652 
020 |a 9780841213753  |q (ebook) 
020 |a 0841213755  |q (ebook) 
020 |z 0841225311  |q (alk. paper) 
020 |z 9780841225312  |q (alk. paper) 
035 |a (OCoLC)435643789  |z (OCoLC)644039357  |z (OCoLC)679982150  |z (OCoLC)780330357  |z (OCoLC)1078066652 
042 |a dlr 
050 4 |a QR186.6.C37  |b C37 1993 
060 4 |a 1993 A-753 
060 4 |a QU 75  |b C2628 1993 
070 |a QD1.A45  |b no.519 
072 0 |a X300 
072 0 |a X380 
072 7 |a HEA  |x 039000  |2 bisacsh 
072 7 |a MED  |x 014000  |2 bisacsh 
072 7 |a MED  |x 022000  |2 bisacsh 
072 7 |a MED  |x 112000  |2 bisacsh 
072 7 |a MED  |x 045000  |2 bisacsh 
082 0 4 |a 616.07/92  |2 20 
084 |a 44.45  |2 bcl 
049 |a TXAM 
245 0 0 |a Carbohydrate antigens :  |b developed from a symposium sponsored by the Division of Carbohydrate Chemistry of the American Chemical Society at the Fourth Chemical Congress of North America (202nd National Meeting of the American Chemical Society) New York, New York, August 25-30, 1991 /  |c Per J. Garegg, editor, Alf A. Lindberg, editor. 
264 1 |a Washington, DC :  |b American Chemical Society,  |c 1993. 
300 |a 1 online resource (xi, 184 pages) :  |b illustrations 
336 |a text  |b txt  |2 rdacontent 
337 |a computer  |b c  |2 rdamedia 
338 |a online resource  |b cr  |2 rdacarrier 
490 1 |a ACS symposium series ;  |v 519 
500 |a Title from PDF title page (ACS publications, viewed September 1, 2009). 
504 |a Includes bibliographical references and indexes. 
505 0 |a Michael Heidelberger : April 29, 1888-June 25, 1991 / Elvin A. Kabat -- How proteins recognize and bind oligosaccharides / R.U. Lemieux -- Synthesis and immunological properties of glycopeptide T-cell determinants / Morten Meldal, Søren Mouritsen, and Klaus Bock -- Human fucosyltransferases involved in the biosynthesis of X (Gal-[beta]-1-4[Fuc-[alpha]-1-3]GlcNAc) and sialyl-X (NeuAC-[alpha]-2-3Gal-[beta]-1-4[Fuc-[alpha]-1-3]GlcNAc) antigenic determinants / Winifred M. Watkins, Patricia O. Skacel, and Philip H. Johnson -- Vibrio cholerae polysaccharide studies / Bengt Lindberg -- Distinguishing antibodies that bind internal antigenic determinants from those that bind the antigenic chain-terminus only / Cornelis P.J. Glaudemans, Larry G. Bennett, Apurba K. Bhattacharjee, Eugenia M. Nashed, and Thomas Ziegler -- Purification of oligosaccharide antigens by weak affinity chromatography / D.A. Zopf and W-T. Wang -- Synthesis and conformational analysis of the Forssman pentasaccharide and di-, tri-, and tetrasaccharide fragments / G. Magnusson, U. Nilsson, A.K. Ray, and K.G. Taylor -- Synthesis and immunochemistry of carbohydrate antigens of the [beta]-hemolytic streptococcus group A / B. Mario Pinto -- Synthesis of antigenic heptose- and Kdo- containing oligosaccharides of the inner core region of lipopolysaccharides / H. Paulsen, E.C. Höffgen, and M. Brenken -- Molecular biology of anti-[alpha]-(1 [yields] 6)dextrans : antibody responses to a single-site-filling antigenic determinant / Elvin A. Kabat -- Extended type 1 chain glycosphingolipids : Lea-Lea (dimeric Lea) and Leb-Lea as human tumor associated antigens / Mark R. Stroud, Steven B. Levery, and Sen-itiroh Habomori. 
538 |a Master and use copy. Digital master created according to Benchmark for Faithful Digital Reproductions of Monographs and Serials, Version 1. Digital Library Federation, December 2002.  |u http://purl.oclc.org/DLF/benchrepro0212  |5 MiAaHDL 
583 1 |a digitized  |c 2010  |h HathiTrust Digital Library  |l committed to preserve  |2 pda  |5 MiAaHDL 
650 0 |a Carbohydrates  |x Immunology  |v Congresses. 
650 1 2 |a Carbohydrates  |x immunology 
650 6 |a Glucides  |x Immunologie  |v Congrès. 
650 7 |a HEALTH & FITNESS  |x Diseases  |x General.  |2 bisacsh 
650 7 |a MEDICAL  |x Clinical Medicine.  |2 bisacsh 
650 7 |a MEDICAL  |x Diseases.  |2 bisacsh 
650 7 |a MEDICAL  |x Evidence-Based Medicine.  |2 bisacsh 
650 7 |a MEDICAL  |x Internal Medicine.  |2 bisacsh 
650 7 |a Carbohydrates  |x Immunology  |2 fast 
650 7 |a Antigènes.  |2 ram 
650 7 |a Glucides  |x Immunologie.  |2 ram 
655 7 |a Electronic books.  |2 local 
655 2 |a Congress 
655 7 |a proceedings (reports)  |2 aat 
655 7 |a Conference papers and proceedings  |2 fast 
655 7 |a Conference papers and proceedings.  |2 lcgft 
655 7 |a Actes de congrès.  |2 rvmgf 
700 1 |a Garegg, Per J. 
700 1 |a Lindberg, Alf A. 
710 2 |a American Chemical Society.  |b Division of Carbohydrate Chemistry. 
710 2 |a American Chemical Society.  |b Meeting  |n (202nd :  |d 1991 :  |c New York, N.Y.) 
711 2 |a Chemical Congress of North America  |n (4th :  |d 1991 :  |c New York, N.Y.) 
758 |i has work:  |a Carbohydrate antigens (Text)  |1 https://id.oclc.org/worldcat/entity/E39PCGfVxBwTM7RKJ7PRQCTjFq  |4 https://id.oclc.org/worldcat/ontology/hasWork 
776 0 8 |i Print version:  |t Carbohydrate antigens.  |d Washington, DC : Americna Chemical Society, 1993  |z 0841225311  |w (DLC) 92039537  |w (OCoLC)26974119 
830 0 |a ACS symposium series ;  |v 519. 
856 4 0 |u http://proxy.library.tamu.edu/login?url=https://pubs.acs.org/doi/book/10.1021/bk-1993-0519  |z Connect to the full text of this electronic book  |t 0 
955 |a ASC eBooks Complete Collection 
994 |a 92  |b TXA 
999 f f |s bfc5b315-6dc9-4a68-9986-fd143b78ae2b  |i c8a8a6f6-92c0-41e7-b219-93010043ef8d  |t 0 
952 f f |a Texas A&M University  |b College Station  |c Electronic Resources  |d Available Online  |t 0  |e QR186.6.C37 C37 1993  |h Library of Congress classification 
998 f f |a QR186.6.C37 C37 1993  |t 0  |l Available Online